Better sewing (Record no. 31275)

MARC details
000 -LEADER
fixed length control field 00292nam a2200133Ia 4500
082 ## - DEWEY DECIMAL CLASSIFICATION NUMBER
Classification number 646.2
Item number HAR
100 ## - MAIN ENTRY--AUTHOR NAME
Personal name Eve
245 #0 - TITLE STATEMENT
Title Better sewing
260 ## - PUBLICATION, DISTRIBUTION, ETC. (IMPRINT)
Place of publication London
Name of publisher Sundral
Year of publication 1978
650 ## - SUBJECT ADDED ENTRY--TOPICAL TERM
Topical Term Embroidery
650 ## - SUBJECT ADDED ENTRY--TOPICAL TERM
Topical Term Sewing
942 ## - ADDED ENTRY ELEMENTS (KOHA)
Koha item type Books
Holdings
Withdrawn status Lost status Damaged status Not for loan Home library Current library Date acquired Cost, normal purchase price Full call number Accession Number Koha item type
        RRII Library RRII Library 16/12/2021 3.95 646.2 HAR 11824 Books